| 000 | 00577nam a2200145 i 4500 | ||
|---|---|---|---|
| 001 | 182483 | ||
| 003 | ES-MaACL | ||
| 005 | 20230906221624.0 | ||
| 008 | 130826s1876 sp |||| | spa d | ||
| 110 | 2 |
_aAcademia Médico-Farmacéutica Escolar (Madrid) _9134082 |
|
| 245 | 1 | 0 | _aReglamento de la Academia Médico-Farmacéutica Escolar, fundada en Madrid en 1876. |
| 260 |
_aMadrid : _bAcademia Médico-Farmacéutica Escolar, _c1876 ( _fAntonio Flórez y Compañía) |
||
| 300 |
_a14 p. ; _c21 cm. |
||
| 852 |
_aES-MaACL _jT-360-F-30 _z.- Anotación manuscrita "Gustavo Sáenz Diez" |
||
| 999 |
_c182483 _d182483 |
||